In the Ring and on Its Feet : (Record no. 612616)

000 -LEADER
fixed length control field 00670nam a22001697a 4500
003 - CONTROL NUMBER IDENTIFIER
control field NUST
005 - DATE AND TIME OF LATEST TRANSACTION
control field 20250113131823.0
020 ## - INTERNATIONAL STANDARD BOOK NUMBER
International Standard Book Number 9789690025555
082 ## - DEWEY DECIMAL CLASSIFICATION NUMBER
Classification number 954.91,TUF
100 ## - MAIN ENTRY--PERSONAL NAME
Personal name Tufail, M. Kaiser
9 (RLIN) 51812
245 ## - TITLE STATEMENT
Title In the Ring and on Its Feet :
Remainder of title A Concise Account based on Official War Records /
Statement of responsibility, etc. Air Cdre M. Kaiser Tufail (R)
260 ## - PUBLICATION, DISTRIBUTION, ETC.
Place of publication, distribution, etc. Lahore
Name of publisher, distributor, etc. Ferozsons (Pvt.) Ltd
Date of publication, distribution, etc. 2017
300 ## - PHYSICAL DESCRIPTION
Extent 235 p
505 ## - FORMATTED CONTENTS NOTE
Formatted contents note Section.1 Backdrop (Page-16), Section.2 Operations (Page-50), Section.3 Review (Page-156), Section.4 Appendices (Page-176).
650 ## - SUBJECT ADDED ENTRY--TOPICAL TERM
Topical term or geographic name entry element Great Air Battles of Pakistan Air Force
9 (RLIN) 124549
942 ## - ADDED ENTRY ELEMENTS (KOHA)
Source of classification or shelving scheme
Koha item type Book
Classification part 954.91,TUF
Holdings
Withdrawn status Lost status Source of classification or shelving scheme Damaged status Not for loan Permanent Location Current Location Shelving location Date acquired Full call number Barcode Date last seen Price effective from Koha item type Public note
          Military College of Signals (MCS) Military College of Signals (MCS) General Stacks 01/13/2025 954.91,TUF MCS38865 01/13/2025 01/13/2025 Book Almirah No.62, Shelf No.2
© 2023 Central Library, National University of Sciences and Technology. All Rights Reserved.